| 000 | 00682nam a2200229 a 4500 | ||
|---|---|---|---|
| 005 | 20140310183328.0 | ||
| 008 | 060811s19uu xx 00 eng d | ||
| 020 | _a9780495001805 | ||
| 050 |
_aPN 2037 _b.D759 2007 |
||
| 100 | _aDowns, William Missouri | ||
| 245 |
_aExperiencing the art of theatre : _ba concise introduction / _cWilliam Missouri Downs. |
||
| 260 |
_aAustralia : _bThomson Wadsworth, _c2007. |
||
| 300 |
_a399 p. : _bill. col. ; _c28 cm. |
||
| 440 | _aWadsworth Series in theatre. | ||
| 521 | _aMC | ||
| 650 | _aTheater. | ||
| 650 |
_aTheater _xHistory. |
||
| 700 | _aWright, Lou Anne | ||
| 700 | _aRamsey, Erik | ||
| 942 |
_cBK _2lcc _kFOR |
||
| 999 |
_c21492 _d21492 |
||